000 00448nam a2200193Ia 4500
003 0100
008 130303s9999 xx 000 0 und d
040 _cARRUPELIB
050 _aBL1451.2.R31962
100 _aRahula, Walpola Sri
245 _aWhat the Buddha Taught
250 _arevised edition
260 _aNY
260 _bGrove Press
260 _C1962
300 _a151p
700 _awith a foreword by Paul Demieville
942 0 0 _04
999 _c44910
_d44910